Statistiques concernant One Piece - Combattants du Corrida Colosseum

Cliquez ici pour prendre le quiz!

Statistiques générales

  • Ce quiz a été pris 51 fois
  • Le résultat moyen est 18 sur 40

Statistiques - réponses

Answer % Correct
Lucy
98%
Bartolomeo
95%
Diamante
93%
Rebecca
90%
Mr. Store
88%
Don Chinjao
85%
Cavendish
80%
Don Sai
80%
Dellinger
70%
Ideo
68%
Bellamy
63%
Hajrudin
63%
Lao G
60%
Don Boo
60%
Hack
55%
Machvise
53%
Señor Pink
50%
Orlumbus
45%
Blue Gilly
43%
Abdullah
43%
Jeet
38%
Kelly Funk
35%
Dagama
33%
Bobby Funk
33%
Fighting Bull
30%
Suleyman
30%
Elizabello II
28%
Ricky
28%
Capman
25%
Ganbia
20%
Tank Lepanto
18%
Spartan
18%
Jean Ango
18%
Damask
15%
Mummy
10%
Rolling Logan
10%
Acilia
10%
Meadows
8%
Hera
5%
Agyo
5%

Distribution des résultats

Percentile par nombre de réponses

% des personnes avec chaque résultat

Votre développement - résultats

Vous n’avez pas pris ce quiz